Skorzeny / (Record no. 27107)

MARC details
000 -LEADER
campo de control de longitud fija 00750nam a2200229 i 4500
001 - NÚMERO DE CONTROL
campo de control 27107
003 - IDENTIFICADOR DE NÚMERO DE CONTROL
campo de control ES-MaACL
005 - FECHA Y HORA DE LA ÚLTIMA TRANSACCIÓN
campo de control 20251001180132.0
007 - CAMPO FIJO DE DESCRIPCIÓN FÍSICA--INFORMACIÓN GENERAL
campo de control de longitud fija t|
008 - DATOS DE LONGITUD FIJA--INFORMACIÓN GENERAL
campo de control de longitud fija 171222s1973 sp ||||1| spa d
020 ## - NÚMERO INTERNACIONAL ESTÁNDAR DEL LIBRO
Número Internacional Estándar del Libro 84-7140-057-X
100 0# - ENTRADA PRINCIPAL--NOMBRE DE PERSONA
Nombre de persona Whiting, Charles.
9 (RLIN) 116704
245 10 - MENCIÓN DEL TÍTULO
Título Skorzeny /
Mención de responsabilidad, etc. Charles Whiting ; [traductor, Diorki].
260 ## - PUBLICACIÓN, DISTRIBUCIÓN, ETC.
Lugar de publicación, distribución, etc. Madrid :
Nombre del editor, distribuidor, etc. Editoral San Martin,
Fecha de publicación, distribución, etc. [1973]
300 ## - DESCRIPCIÓN FÍSICA
Extensión 160 p. :
Otras características físicas il. ;
Dimensiones 21 cm.
490 1# - MENCIÓN DE SERIE
Mención de serie Historia de la Segunda Guerra Mundial. Personajes ;
Designación de volumen o secuencia 2
600 14 - PUNTO DE ACCESO ADICIONAL DE MATERIA--NOMBRE DE PERSONA
Nombre de persona Skorzeny, Otto,
Fechas asociadas al nombre 1908-1975
9 (RLIN) 106756
650 04 - PUNTO DE ACCESO ADICIONAL DE MATERIA--TÉRMINO DE MATERIA
Término de materia o nombre geográfico como elemento de entrada Guerra mundial, 1939-1945.
9 (RLIN) 13228
830 0# - PUNTO DE ACCESO ADICIONAL DE SERIE-TÍTULO UNIFORME
Título uniforme Historia de la Segunda Guerra Mundial. Personajes ;
Designación de volumen o secuencia 2
9 (RLIN) 229198
852 ## - LOCALIZACIÓN
Ubicación ES-MaACL
Número de control de estantería G-57
Holdings
Estatus retirado Estado de pérdida Estado de daño No para préstamo Biblioteca de origen Biblioteca actual Ubicación en estantería Fecha de adquisición Fuente de adquisición Total de préstamos Signatura topográfica completa Código de barras Visto por última vez Precio de reemplazo Tipo de ítem Koha
        Biblioteca del Ateneo de Madrid Biblioteca del Ateneo de Madrid Depósito 2 22/12/2017     G-57 1198218 23/02/2023 23/02/2023 Libro impreso